| 000 | 00870cam a2200265 i 4500 | ||
|---|---|---|---|
| 999 |
_c200443690 _d61902 |
||
| 003 | TR-AnTOB | ||
| 005 | 20230210122018.0 | ||
| 007 | ta | ||
| 008 | 051101s1973 tu 00010 tur | ||
| 040 |
_aSULEY _beng _erda _cSULEY _dTR-AnTOB |
||
| 041 | 0 | _atur | |
| 050 |
_aTS156 _bK885 |
||
| 090 |
_aTS156 _bK885 |
||
| 100 | 1 | 0 |
_aKutlutan, İbrahim _eauthor _965691 |
| 245 | 1 | 0 |
_aStandard kalite : _buygulamaları yaşamımıza etkileri / _cİbrahim Kutlutan. |
| 264 | 3 |
_a[place of publication not identified] : _bGürsoy Matbaacılık. _c[date of publication not identified] |
|
| 300 |
_avii, 263 pages ; _c24 cm |
||
| 336 |
_2rdacontent _atext _btxt |
||
| 337 |
_2rdamedia _aunmediated _bn |
||
| 338 |
_2rdacarrier _avolume _bnc |
||
| 650 | 7 |
_aKalite kontrol _xStandartlar _2etuturkob _912041 |
|
| 942 |
_2lcc _cBK |
||